Grafting of functional polymers from inorganic surfaces for targeted postfunctionalization

Saved in:
Bibliographic Details
Main Author: Pathiwada, Darshak (Author)
Other Authors: Mosnáček, Jaroslav (Thesis advisor)
Format: Manuscript Book
Language:Slovak
English
Published: 2025
Subjects:
Online Access:http://is.stuba.sk/zp/portal_zp.pl?podrobnosti=172397
Tags: Add Tag
No Tags, Be the first to tag this record!

MARC

LEADER 00000ntm a22000003a 4500
001 stuzp87083
003 SK-STU
005 20250823210400.3
007 ta
008 150427s2015----xo-----f-mn---000-0-slo-d
040 |a STU  |b slo 
041 0 |a eng 
100 1 |a Pathiwada, Darshak  |u 049000  |4 aut  |U FCHPT Fakulta chemickej a potravinárskej technológie  |T FCHPT Ústav prírodných a syntetických polymérov  |X 113700  |U 049000  |Y 107  |7 113700 
242 0 1 |a Vrúbľovanie funkčných polymérov z anorganických povrchov na cielenú postfunkcionalizáciu  |y slo 
245 1 0 |a Grafting of functional polymers from inorganic surfaces for targeted postfunctionalization 
260 |c 2025 
650 4 |a Funkčné polyméry  |2 slo 
650 4 |a RDRP  |2 slo 
650 4 |a FotoATRP  |2 slo 
650 4 |a Povrchová úprava  |2 slo 
650 4 |a Polymérne kefy  |2 slo 
650 4 |a post funkcionalizácia polymérnych reťazcov  |2 slo 
650 4 |a RDRP  |2 eng 
650 4 |a PhotoATRP  |2 eng 
650 4 |a Surface modification  |2 eng 
650 4 |a Polymer brushes  |2 eng 
650 4 |a Functional polymers  |2 eng 
650 4 |a Post-polymer functionalization  |2 eng 
700 1 |a Mosnáček, Jaroslav  |4 ths  |X 61944  |7 61944 
856 4 |u http://is.stuba.sk/zp/portal_zp.pl?podrobnosti=172397